02183cam a22005054i 4500003000900000005001700009008004100026020001500067020001800082035002700100040003300127049000900160082002000169100003200189245014600221264002600367300003800393336002100431337002500452338002300477505036900500526001000869526001000879526001000889526001000899526000800909526000800917526000800925526000800933526000800941526000800949526000800957600002800965600002900993650004001022650004101062700003101103942001401134949012601148994001401274596000601288999015901294980005501453952016901508PE-LiUPU20250731172959.0150623s1997 sp r 000 0 spa d a8428814198 a9788428814195 a(Sirsi) i9788428814195 aPE-LiUPUbspacPE-LiUPUerda aPRUA04a262.91bP272211 aPasselecq, Georges,eautor.13aUn silencio de la iglesia frente al fascismo :bla encíclica de Pío XI que Pío XII no publicó /cGeorges Passelecq, Bernard Suchecky. 1aMadrid :bPPC,c1997. a299 páginas ;c22 centímetros atext2rdacontent aunmediated2rdamedia avolume2rdacarrier0 aLa búsqueda de los documentos -- El encargo de la Humani Generis Unitas (mayo-junio de 1938) -- La redacción de la Humani Generis Unitas (Julio-septiembre de 1938) -- ¿Qué ocurrio con el proyecto? (octubre de 1938-maayo de 1940) -- Algunos elementos adicionales incorporados al expediente de la Humani Generis Unitas -- La encíclica Humani Generis Unitas. aSEG42 aSEG41 aSEG40 aSEG39 aP94 aP87 aP86 aP85 aP77 aP76 aP351 aPíobXI,cPapa2embne1 aPíobXII,cPapa2embne24aCristianismo y antisemitismo2embne24aFascismo e Iglesia Católica2embne1 aSuchecky, Bernard,eautor. 2ddccBOOK a262.91 P27wDEWEYc1i45453lCCODEBUL1mBULr0sYtBOOKu2015-6-24xTEOLOGIAPP350COMPRAo.STAFF. Colección Teología aC0bPEPRU a1 a262.91 P27wDEWEYc22316i45453f2021-11-10g6lCCODEBUL1mBULp22.00r0sYtBOOKu2015-6-24xTEOLOGIAPP350COMPRAo.STAFF. Colección Teologíad22316 81gALBERTO SANCHEZ Responsable de Automatización r2025-12-02 00:00:00i7l0o262.91 P27p45453te1v27.00w2015-06-24xFTyBKzinventario-2023-12-13102ddc50708GENfP35aBULbBULcGENd2015-06-24eCOMPRAg22.00